| 000 | 00469nam a22001817a 4500 | ||
|---|---|---|---|
| 003 | CEME | ||
| 005 | 20210628210735.0 | ||
| 008 | 210212b xxu||||| |||| 00| 0 eng d | ||
| 020 | _a0-19-851486-7 | ||
| 040 | _c. | ||
| 082 | _a510.1 REV | ||
| 100 |
_aGillies, Donald _980795 |
||
| 245 | _aRevolutions in mathematics | ||
| 260 |
_aOXFORD _bCLARENDON PRESS _c1995 |
||
| 300 | _a365P | ||
| 650 |
_aMATHEMATICS-PLILOSOPHY MATHEMATICS-HISTORY _980796 |
||
| 942 |
_cBK _2ddc |
||
| 999 |
_c585669 _d585669 |
||